| 000 | 01726nam a2200277Ia 4500 | ||
|---|---|---|---|
| 999 |
_c29703 _d29703 |
||
| 003 | CO-CtgCURN | ||
| 005 | 20250409210211.0 | ||
| 008 | 190723s2005 xx 000 0 und d | ||
| 020 | _a9583373249 | ||
| 040 |
_aCO-CtgCURN _bspa _ccoctgcurn |
||
| 082 |
_a347.05 _bL864i |
||
| 100 |
_aLópez Blanco, Hernán Fabio _eautor _96795 |
||
| 245 | 0 |
_aInstituciones de derecho procesal civil colombiano : _bparte general / _cHernán Fabio López Blanco |
|
| 250 | _a9 edición | ||
| 260 |
_aBogotá, Colombia : _bDupre, _c2005 |
||
| 300 |
_a1113 páginas ; _c21 centímetros. |
||
| 505 | _aCap.1. Evolución histórica del derecho procesal civil colombiano -- Cap.2. El derecho procesal la ley procesal civil -- Cap.3. Los principios informadores y las reglas técnicas del procedimiento civil -- Cap.4. Jurisdicción y competencia -- Cap.5. El derecho de acción -- Cap.6. La actuación judicial -- Cap.7. La demanda -- Cap.8. Defensas del demandado. excepciones -- Cap.9. La conciliación -- Cap.10. Actos procesales del juez -- Cap.11. Las notificaciones -- Cap.12. Los recursos -- Cap.13. Las nulidades procesales y su saneamiento -- Cap.14. Causales de interrupción y suspensión de los procesos civiles -- Cap.15. Las expensas y las costas -- Cap.16. Las medidas cautelares. | ||
| 521 | _aAREA PROFESIONAL | ||
| 590 | _aPrograma de Derecho_18 | ||
| 650 |
_aProcesal civil _zColombia _96796 |
||
| 942 |
_cBK _h347.05 _iL864i _017 _2ddc |
||